G11鹤大高速公路途经的地级和县级行政区 - 地图版 - Statistics

General Stats
  • This quiz has been taken 33 times
  • The average score is 32 of 42
Answers on the Map
Answers color-coded by a green-red scale on the quiz's map according to % correct below.
 
Answer Stats
县级行政区 % Correct
鹤岗市
96%
佳木斯市
93%
鸡西市
93%
牡丹江市
93%
延边朝鲜族自治州
93%
白山市
93%
丹东市
93%
大连市
93%
七台河市
89%
通化县
85%
金州区
85%
通化市
85%
本溪市
85%
庄河市
81%
敦化市
78%
振兴区
78%
东港市
78%
普兰店区
78%
鸡东县
74%
宁安市
74%
桓仁满族自治县
74%
宽甸满族自治县
74%
甘井子区
74%
东安区
70%
靖宇县
70%
凤城市
70%
振安区
70%
元宝区
70%
滴道区
67%
林口县
67%
抚松县
67%
江源区
67%
汤原县
63%
郊区
63%
桦南县
63%
麻山区
63%
西安区
63%
柳河县
63%
东山区
59%
新兴区
59%
勃利县
59%
阳明区
59%
No matching quizzes found
Score Distribution
Percent of People with Each Score
Percentile by Number Answered
Your Score History
You have not taken this quiz